| 000 | 00851nas a2200265 4500 | ||
|---|---|---|---|
| 001 | BR0201438 | ||
| 003 | BR-BrBNA | ||
| 005 | 20231205102812.0 | ||
| 007 | ta | ||
| 008 | 230509b bl.|||p| |||| 00| 00por d | ||
| 040 |
_aBR-BrBNA _bpor _cBiblioteca Nacional de Agricultura |
||
| 041 | _a(Pt) | ||
| 072 | _aK10; F08 | ||
| 100 | 1 | _aMory, A. de M. | |
| 100 | 1 | _aJardim, F.C. da S. | |
| 245 | 1 | _aComportamento de Goupia glabra Aubl. (Cupiúba)em diferentes níveis de desbastes por anelamento em florestas naturais | |
| 650 | _aCUPIÚBA | ||
| 650 | _aFLORESTA NATIVA | ||
| 650 | _aCOMPORTAMENTO DE VARIEDADE | ||
| 650 | _aDESBASTE | ||
| 650 | _aANELAGEM | ||
| 773 | 0 |
_tRevista de Ciências Agrárias (Brazil) _xISSN 1517-591X _g(Jul-Dec 2001), (no. 36) p. 55-66 _wBR0201438 |
|
| 909 |
_a202311 _bLúcia _c55 _dLúcia Elande |
||
| 942 |
_2AGRIS _n0 _cANA |
||
| 999 |
_c169400 _d169400 |
||